000 00281nam a2200109Ia 4500
005 20251222143230.0
008 251222s9999||||xx |||||||||||||| ||spa||
082 _a282/S18
245 0 _aIglesia y Comunicación Social en la Nueva Evangelización
264 _bCONAMCOS
942 _cLIB
999 _c14167
_d14167